000 00548nam a2200253Ia 4500
008 210210b1908 xxu||||| |||| 00| 0 eng d
041 _aeng
082 _a940/87
100 _aGIBBON (Edward)
245 _aDecline and fall of the Roman empire Vol IV
260 _aLondon
_bJohn Murray
_c1908
440 _a4
650 _aVol
650 _athe
650 _aRoman
650 _aof
650 _aIV
650 _afall
650 _aempire
650 _aDecline
650 _aand
690 _aEuropean History
906 _a025157
999 _c151006
_d151006